000 00572nam a2200181Ia 4500
008 240729s9999 xx 000 0 und d
022 _a2287-285X
245 0 _aClinical and Molecular Hepatology
260 _aKorea, Republic of
260 _bKorean Association for the Study of the Liver
650 _a Diseases of the digestive system. Gastroenterology
650 _a Internal medicine
650 _a Specialties of internal medicine
650 _aMedicine
856 _uhttps://doaj.org/toc/5e626f25ac7a4ebe8670c227326e62e5
942 _2ddc
942 _cDOAJEJ
999 _c71036
_d71036
945 _a1
_bMadushi Gamage
_c1
_dMadushi Gamage